| 000 | 00767cam a22001935a 4500 | ||
|---|---|---|---|
| 001 | L155493 | ||
| 008 | 120326s1812 xxk f 000 0 eng d | ||
| 035 | _a(Sirsi) u155493 | ||
| 041 | 0 | _aeng | |
| 100 | 1 |
_aBaily, Francis _d1774-1844 |
|
| 245 | 0 | 0 |
_aTables for the purchasing and renewing of leases, for terms of years certain and for lives _bwith rules for determining the value of the reversion of estates after any such leases, and for the solution of other useful problems, adapted to general use |
| 250 | _aThe 3rd ed. | ||
| 260 |
_aLondon _bSold by J. Richardson _c1812 |
||
| 300 |
_axxx, 111 p. _c22 cm. |
||
| 583 |
_aCondition reviewed _c20120620 _lcondition level 1 |
||
| 651 | 4 |
_aGreat Britain _y1707- |
|
| 690 |
_aLandlord and tenant _96252 |
||
| 942 | _n0 | ||
| 999 |
_c113605 _d113605 |
||